Propuesta de desarrollo urbano para la ciudad de San Isidro, Matagalpa

Abordar una propuesta de desarrollo urbano para la Ciudad de San Isidro, ya que esta no cuenta con una adecuada planificación del crecimiento urbano ni del uso y explotación de los recursos naturales. Selecciona y analiza los posibles lugares aptos para urbanizar se identifica las funciones y los...

Full description

Bibliographic Details
Main Authors: Aráuz Solís, Gerald David, Torres Chavarría, Juan Bosco
Other Authors: Tutor: Mendoza Velásquez, Francisco Antonio
Format: Tesis Section = Libro
Language:Undetermined
Spanish
Published: Managua UNI 2003
Subjects:
LEADER 01606nam a2200277Ia 4500
008 240830s9999 xx 000 0 und d
040 |a BIBLIOTECA-RUSB/ T.Mon 711.4 A663 
041 |a spa 
082 |a T.Mon 711.4 A663 
100 1 |a Aráuz Solís, Gerald David 
100 1 |b Torres Chavarría, Juan Bosco 
245 1 0 |a Propuesta de desarrollo urbano para la ciudad de San Isidro, Matagalpa 
260 |a Managua  |b UNI  |c 2003 
300 |a 67 p. :il. 
500 |a Contiene: anexos. 
502 |a Tesis (Especialista en Vivienda Social y Calidad de Vida) - UNI, 2003. 
520 3 |a Abordar una propuesta de desarrollo urbano para la Ciudad de San Isidro, ya que esta no cuenta con una adecuada planificación del crecimiento urbano ni del uso y explotación de los recursos naturales. Selecciona y analiza los posibles lugares aptos para urbanizar se identifica las funciones y los usos que se procesaran como resultado de su desarrollo, la organización de la circulación vehicular y de los transeúntes, el desarrollo de la forma visual y el diseño de los usos. Se contempla además el suministro de servicios y equipamientos urbanos necesarios para el adecuado funcionamiento de la misma. 
650 7 |a PLANES Y PLANIFICACION CIUDAD - SAN ISIDRO MATAGALPA 
650 7 |b  DESARROLLO URBANO - PROPUESTA SAN ISIDRO 
650 7 |c  CARACTERIZACION - CIUDAD - SAN ISIDRO 
650 7 |d  VIVIENDA, EQUIPAMIENTO, INFRAESTRUCTURA 
650 7 |e  SERVICIOS BASICOS SAN ISIDRO MATAGALPA 
700 1 |a Tutor:  |b Mendoza Velásquez, Francisco Antonio 
942 |c BK  |2 ddc 
991 |a TESIS 
999 |c 21979